An introduction to historical thought / (Record no. 1781)

MARC details
000 -LEADER
fixed length control field 01127cam a2200385 a 4500
001 - CONTROL NUMBER
control field data
005 - DATE AND TIME OF LATEST TRANSACTION
control field 20260322212117.0
008 - FIXED-LENGTH DATA ELEMENTS--GENERAL INFORMATION
fixed length control field data
035 ## - SYSTEM CONTROL NUMBER
System control number 2317840
010 ## - LIBRARY OF CONGRESS CONTROL NUMBER
LC control number 81106061
015 ## - NATIONAL BIBLIOGRAPHY NUMBER
National bibliography number GB***
020 ## - INTERNATIONAL STANDARD BOOK NUMBER
International Standard Book Number 0713163232 :
Terms of availability £9.50
020 ## - INTERNATIONAL STANDARD BOOK NUMBER
International Standard Book Number 0713163240
Qualifying information pbk.
020 ## - INTERNATIONAL STANDARD BOOK NUMBER
International Standard Book Number 9780713163230
020 ## - INTERNATIONAL STANDARD BOOK NUMBER
International Standard Book Number 9780713163247
Qualifying information (pbk.)
035 ## - SYSTEM CONTROL NUMBER
-- (DLC) 81106061
040 ## - CATALOGING SOURCE
Original cataloging agency DLC
Transcribing agency DLC
Modifying agency DLC
050 00 - LIBRARY OF CONGRESS CALL NUMBER
Classification number D16.8
Item number .H27
082 00 - DEWEY DECIMAL CLASSIFICATION NUMBER
Classification number 901
Edition information 19
100 1# - MAIN ENTRY--PERSONAL NAME
Personal name Haddock, B. A.
245 13 - TITLE STATEMENT
Title An introduction to historical thought /
Statement of responsibility, etc. B.A. Haddock.
260 ## - PUBLICATION, DISTRIBUTION, ETC.
Place of publication, distribution, etc. London :
Name of publisher, distributor, etc. E. Arnold,
Date of publication, distribution, etc. 1980.
300 ## - PHYSICAL DESCRIPTION
Extent 184 p. ;
Dimensions 23 cm.
336 ## - CONTENT TYPE
Content type term text
Content type code txt
Source rdacontent
337 ## - MEDIA TYPE
Media type term unmediated
Media type code n
Source rdamedia
338 ## - CARRIER TYPE
Carrier type term volume
Carrier type code nc
Source rdacarrier
500 ## - GENERAL NOTE
General note Includes index.
504 ## - BIBLIOGRAPHY, ETC. NOTE
Bibliography, etc. note Bibliography: p. 175-181.
650 #0 - SUBJECT ADDED ENTRY--TOPICAL TERM
Topical term or geographic name entry element History
General subdivision History.
-- History.
650 #0 - SUBJECT ADDED ENTRY--TOPICAL TERM
Topical term or geographic name entry element History
General subdivision History.
-- History.
650 #0 - SUBJECT ADDED ENTRY--TOPICAL TERM
Topical term or geographic name entry element Historiography
General subdivision History.
906 ## - LOCAL DATA ELEMENT F, LDF (RLIN)
a 7
b cbc
c orignew
d 4
e ncip
f 19
g y-gencatlg
991 ## -
-- c-GenColl
-- D16.8
-- .H27
-- Copy 1
-- BOOKS
Holdings
Withdrawn status Lost status Damaged status Not for loan Home library Current library Shelving location Date acquired Total checkouts Full call number Barcode Date last seen Price effective from Koha item type
        Franklin Franklin General stacks 22/03/2026   901 LOC-FRL-00017 22/03/2026 22/03/2026 Books